000 00510nam a22001697a 4500
999 _c41261
_d41261
003 OSt
005 20210412124408.0
008 210412b ||||| |||| 00| 0 eng d
020 _a9788182719118
040 _coclc
082 _a297
_bKAR/A
100 _91839
_a Karakunnu, Sheikh Mohammed
245 _aAthmahathya Bhauthikatha Islam/
_cSheikh Muhammed Karakunnu
260 _aKozhikode:
_b Islamic Publishing House
300 _a62 pages
942 _2ddc
_cBK
_h297
_iKAR/A
_k297
_mKAR/A